Les profils nutritionnels des aliments : actualités, enjeux et perspectives : actes du symposium du 12 juin 2006 (Record no. 47510)

MARC details
000 -LEADER
fixed length control field 00587nam a22001817a 4500
005 - DATE AND TIME OF LATEST TRANSACTION
control field 20160609165711.0
008 - FIXED-LENGTH DATA ELEMENTS--GENERAL INFORMATION
fixed length control field 100812t xxu||||| |||| 00| 0 eng d
040 ## - SOURCE DU CATALOGAGE
Language of cataloging BIDOC
Transcribing agency fr
Modifying agency bidoc
110 ## - VEDETTE PRINCIPALE - NOM DE COLLECTIVITE
Corporate name or jurisdiction name as entry element Institut Français pour la Nutrition
9 (RLIN) 8210
245 ## - TITLE STATEMENT
Title Les profils nutritionnels des aliments : actualités, enjeux et perspectives : actes du symposium du 12 juin 2006
260 ## - PUBLICATION, DISTRIBUTION, ETC. (IMPRINT)
Place of publication, distribution, etc Paris
Name of publisher, distributor, etc IFN
Date of publication, distribution, etc 2006
300 ## - PHYSICAL DESCRIPTION
Extent 90 p.
Other physical details ill;
Dimensions 30 cm.
650 ## - SUBJECT ADDED ENTRY--TOPICAL TERM
Topical term or geographic name as entry element Aliment
9 (RLIN) 8211
650 ## - SUBJECT ADDED ENTRY--TOPICAL TERM
Topical term or geographic name as entry element Produit alimentaire
9 (RLIN) 8212
650 ## - SUBJECT ADDED ENTRY--TOPICAL TERM
Topical term or geographic name as entry element Qualité
9 (RLIN) 8213
650 ## - SUBJECT ADDED ENTRY--TOPICAL TERM
Topical term or geographic name as entry element Nutrition
9 (RLIN) 8214
942 ## - ADDED ENTRY ELEMENTS (KOHA)
Koha item type Livre
Holdings
Withdrawn status Lost status Damaged status Not for loan Location (home branch) Sublocation or collection (holding branch) Date acquired Source of acquisition Koha issues (times borrowed) Koha full call number Koha date last seen Copy number Price effective from Koha item type
        Bibliothèque-Centre de Documentation de la Faculté des Sciences Agronomiques Bibliothèque-Centre de Documentation de la Faculté des Sciences Agronomiques 12/08/2010 Ambassade de France   NSA.2006.014 12/08/2010 1 12/08/2010 Livre


© 2008, Bibliothèques de l'Université d'Abomey-Calavi

04 BP 789 Cotonou, Tél. : +229 21 36 01 01, Fax : +229 21 35 06 32

Courriel : bu@bu.uac.bj